| 000 | 00919cam a22002535a 4500 | ||
|---|---|---|---|
| 001 | 13905024 | ||
| 005 | 20180225120508.0 | ||
| 008 | 050318t2006 njua fr 001 0 eng d | ||
| 020 | _a0131860852 | ||
| 040 |
_aDLC _cDLC _dYDX _dUKM _dBAKER _dNLGGC _dDLC _dEG-ScBUE _beng |
||
| 082 | 0 | 4 |
_222 _a658.0557585 _bMAZ |
| 100 | 1 | _aMazzullo, Jim. | |
| 245 | 1 | 0 |
_aSAP R/3 for everyone : _bstep-by-step instructions, practical advice, and other tips and tricks for working with SAP / _cJim Mazzullo, Peter Wheatley. |
| 260 |
_aUpper Saddle River : _bPrentice Hall Professional Technical Reference, _cc.2006. |
||
| 300 |
_axxiii, 288 p. : _bill. ; _c24 cm. |
||
| 500 | _aIncludes index. | ||
| 630 | 0 | 7 | _aSAP R/3. |
| 650 | 7 |
_aBusiness _xComputer programs. _2BUEsh _926039 |
|
| 650 | 7 |
_aClient/server computing. _2BUEsh _933834 |
|
| 651 | _2BUEsh | ||
| 653 |
_bGGEN _bBUSADM _cFebruary2018 |
||
| 700 | 1 | _aWheatley, Peter. | |
| 942 | _2ddc | ||
| 999 |
_c26168 _d26140 |
||